000 00266nam a2200097Ia 4500
001 699512
005 20250826162112.0
008 250824s9999 xx 000 0 und d
245 0 _aGulyabani - Gönül Ticareti
_cHüseyin Rahmi Gürpınar
260 _bEverest Yayınları
999 _c699512
_d699512